No Complaints Noah Kahan (Full Lyrics) - Statistics

General Stats
  • This quiz has been taken 9 times
  • The average score is 232 of 286
Answer Stats
Answer % Correct
a
100%
And
100%
and
100%
complain
100%
for
100%
I
100%
just
100%
like
100%
of
100%
the
100%
am
89%
as
89%
end
89%
forgot
89%
how
89%
it
89%
It
89%
medication
89%
middle
89%
my
89%
no
89%
saw
89%
so
89%
that
89%
to
89%
To
89%
To
89%
with
89%
ain't
78%
at
78%
bad
78%
filled
78%
finally
78%
got
78%
Got
78%
had
78%
having
78%
head
78%
hole
78%
I'd
78%
I'm
78%
in
78%
In
78%
looks
78%
mad
78%
months
78%
nothing
78%
page
78%
paper
78%
pen
78%
prescription
78%
same
78%
set
78%
Set
78%
showed
78%
something
78%
space
78%
that's
78%
Then
78%
then
78%
Thought
78%
time
78%
up
78%
weight
78%
who
78%
world
78%
afraid
67%
being
67%
better
67%
Blame
67%
blame
67%
boring
67%
But
67%
but
67%
cry
67%
dad
67%
different
67%
distant
67%
dreams
67%
escape
67%
escapes
67%
exists
67%
feel
67%
get
67%
living
67%
looked
67%
love
67%
Makes
67%
news
67%
noticed
67%
Now
67%
now
67%
pain
67%
punches
67%
rage
67%
raised
67%
seen
67%
sewed
67%
still
67%
Tried
67%
vision
67%
was
67%
weather
67%
young
67%
asleep
56%
can
56%
can't
56%
eat
56%
enters
56%
evades
56%
fall
56%
fine
56%
Hope
56%
It's
56%
pull
56%
where
56%
Yes
56%
heals
44%
rain
44%
skin
44%
fake
33%
Well
22%
filles
0%
jsut
0%
pain't
0%
No matching quizzes found
Score Distribution
Percent of People with Each Score
Percentile by Number Answered
Your Score History
You have not taken this quiz